Microeconomics (Record no. 345926)
[ view plain ]
| 000 -LEADER | |
|---|---|
| fixed length control field | 00698 a2200229 4500 |
| 003 - CONTROL NUMBER IDENTIFIER | |
| control field | OSt |
| 005 - DATE AND TIME OF LATEST TRANSACTION | |
| control field | 20180116182802.0 |
| 008 - FIXED-LENGTH DATA ELEMENTS--GENERAL INFORMATION | |
| fixed length control field | 160728b xxu||||| |||| 00| 0 eng d |
| 020 ## - INTERNATIONAL STANDARD BOOK NUMBER | |
| International Standard Book Number | 003020397X |
| 020 ## - INTERNATIONAL STANDARD BOOK NUMBER | |
| International Standard Book Number | 9780030203978 |
| 040 ## - CATALOGING SOURCE | |
| Transcribing agency | 0 |
| 082 04 - DEWEY DECIMAL CLASSIFICATION NUMBER | |
| Classification number | 338.5 DOL 1988 |
| 100 1# - MAIN ENTRY--PERSONAL NAME | |
| Personal name | Dolan, Edward. |
| 245 10 - TITLE STATEMENT | |
| Title | Microeconomics |
| Statement of responsibility, etc. | Edward Dolan. |
| 250 ## - EDITION STATEMENT | |
| Edition statement | 5th ed. |
| 260 ## - PUBLICATION, DISTRIBUTION, ETC. | |
| Place of publication, distribution, etc. | [S.l.] : |
| Name of publisher, distributor, etc. | Harcourt School, |
| Date of publication, distribution, etc. | 1988. |
| 300 ## - PHYSICAL DESCRIPTION | |
| Extent | 519 p. |
| Other physical details | HB |
| 500 ## - GENERAL NOTE | |
| General note | hardback. |
| 856 40 - ELECTRONIC LOCATION AND ACCESS | |
| Materials specified | Amazon.com |
| Uniform Resource Identifier | <a href="http://www.amazon.com/exec/obidos/ASIN/003020397X/chopaconline-20">http://www.amazon.com/exec/obidos/ASIN/003020397X/chopaconline-20</a> |
| 856 40 - ELECTRONIC LOCATION AND ACCESS | |
| Materials specified | Amazon customer reviews |
| Uniform Resource Identifier | <a href="http://www.chopac.org/cgi-bin/tools/azrev.pl?q=003020397X">http://www.chopac.org/cgi-bin/tools/azrev.pl?q=003020397X</a> |
| 942 ## - ADDED ENTRY ELEMENTS (KOHA) | |
| Institution code [OBSOLETE] | NBS |
| Koha item type | Book |
| Call number prefix | 338.5 DOL |
| Source of classification or shelving scheme | |
| Withdrawn status | Lost status | Damaged status | Not for loan | Permanent Location | Current Location | Date acquired | Total Checkouts | Full call number | Barcode | Date last seen | Date last checked out | Price effective from | Koha item type | Public note |
|---|---|---|---|---|---|---|---|---|---|---|---|---|---|---|
| Write Off | Central Library (CL) | Central Library (CL) | 08/28/2013 | 1 | 338.5 DOL | NBS2545 | 07/02/2015 | 07/02/2015 | 08/28/2013 | Book | No:67/2004/NIMS, Dated:23 August 2004 | |||
| Central Library (CL) | Central Library (CL) | 08/28/2013 | 4 | 338.5 DOL | NBS1171 | 09/04/2023 | 10/12/2018 | 08/28/2013 | Book | |||||
| Write Off | Central Library (CL) | Central Library (CL) | 08/28/2013 | 3 | 338.5 DOL | NBS2547 | 01/21/2019 | 01/21/2019 | 08/28/2013 | Book | No. 0908/NBS/IRC Dated: 12 June, 2012 |
